[Event "Carlos Matador"]
[Site "http://www.queenalice.com/game.php?id=296716"]
[Date "2007.11.1"]
[Round "-"]
[White "leomoraes"]
[Black "carvalhu"]
[Result "1/2-1/2"]
[WhiteElo "1582"]
[BlackElo "1306"]

1. d4 Nc6 2. c3 d6 3. e3 Bf5 4. Bd3 Qd7 5. e4 Bg6 6. Ne2 Bh5 7. Bb5 Bxe2 8. Qxe2
e6 9. Bxc6 Qxc6 10. d5 Qa6 11. c4 O-O-O 12. O-O Nf6 13. Bg5 Rg8 14. Bxf6 gxf6
15. b3 exd5 16. Qg4+ Rxg4 17. exd5 Bg7 18. a4 f5 19. Ra2 Bd4 20. Rd2 h5 21. Re2
h4 22. h3 Rf4 23. Nd2 b5 24. Nf3 Rg8 25. Nxd4 Rxd4 26. Kh2 Rdg4 27. hxg4 bxc4
28. gxf5 cxb3 29. Rfe1 Qc4 30. Re8+ Rxe8 31. Rxe8+ Kd7 32. Rh8 b2 33. Rb8 Qf4+
34. Kg1 Qd2 35. f6 Qe1+ 36. Kh2 b1=Q 37. Rxb1 Qxb1 38. Kh3 Qf5+ 39. Kxh4 Qxd5
40. f3 c5 41. g4 Qxf3 42. g5 c4 43. g6 fxg6 44. Kg5 Qg3+ 45. Kh6 c3 46. Kg7 Qe5
47. Kf7 c2 48. Kg8 Qxf6 49. a5 Ke7 50. a6 Qf7+ 51. Kh8 Kf8 1/2-1/2

[Event "Carioca da Gema X Gaúcho dos Pa"]
[Site "http://www.queenalice.com/game.php?id=296717"]
[Date "2007.11.1"]
[Round "-"]
[White "carvalhu"]
[Black "leomoraes"]
[Result "0-1"]
[WhiteElo "1233"]
[BlackElo "1600"]

1. d4 d5 2. Nc3 e6 3. Nf3 Bb4 4. Bg5 f6 5. Bf4 Bxc3+ 6. bxc3 Ne7 7. e3 O-O 8.
Bb5 c6 9. Bxb8 Rxb8 10. Ba4 b5 11. Rb1 Qa5 12. Rb4 Ba6 13. c4 Qxb4+ 14. c3 Qxc3+
15. Nd2 bxa4 16. O-O Bxc4 17. Qc1 Qd3 18. a3 Rb6 19. Qd1 Qxa3 20. Qc1 Qa2 21.
Re1 a3 22. Nb1 Rfb8 23. Qxa3 Rxb1 24. Rc1 Rxc1+ 25. Qxc1 Rb1 26. h3 Rxc1+ 27.
Kh2 Nf5 28. g4 Qxf2# 0-1

[Event "Challenge"]
[Site "http://www.queenalice.com/game.php?id=300730"]
[Date "2007.11.8"]
[Round "-"]
[White "spygao"]
[Black "carvalhu"]
[Result "0-1"]
[WhiteElo "1182"]
[BlackElo "1361"]

1. e4 e5 2. Nf3 d6 3. Bb5+ c6 4. Bd3 Bg4 5. Be2 Bxf3 6. Bxf3 Nf6 7. O-O Be7 8.
b4 O-O 9. Nc3 d5 10. exd5 Bxb4 11. dxc6 Bxc3 12. dxc3 bxc6 13. c4 e4 14. Be2 Na6
15. Be3 c5 16. Bf4 Nb4 17. c3 Qxd1 18. Raxd1 Nxa2 19. f3 Nxc3 20. fxe4 Nxd1 21.
Bxd1 Nxe4 22. Re1 Rae8 23. Bd6 Nxd6 24. Rf1 Nxc4 25. Bb3 Nd2 26. Rf2 Nxb3 27.
Rb2 Nd4 28. Rb5 Nxb5 0-1

[Event "Challenge"]
[Site "http://www.queenalice.com/game.php?id=300731"]
[Date "2007.11.8"]
[Round "-"]
[White "spygao"]
[Black "carvalhu"]
[Result "0-1"]
[WhiteElo "1182"]
[BlackElo "1359"]

1. e4 e5 2. Nf3 d6 3. Bb5+ c6 4. Ba4 Bg4 5. O-O Bxf3 6. Qxf3 Na6 7. c4 d5 8.
exd5 Nc5 9. b4 Nxa4 10. dxc6 Bxb4 11. cxb7 Rb8 12. Qb3 Qa5 13. d3 Bc3 14. Nxc3
Qxc3 15. Qxc3 Nxc3 16. c5 Rxb7 17. c6 Ne2+ 18. Kh1 Rc7 19. Re1 Nf4 20. Rxe5+ Ne6
21. Rb1 Rc8 22. Rb7 Rxc6 23. Rb8+ Ke7 24. Bg5+ f6 25. Bxf6+ Kxf6 26. Rbb5 Rc1+
0-1

[Event "Revanche"]
[Site "http://www.queenalice.com/game.php?id=303887"]
[Date "2007.11.14"]
[Round "-"]
[White "carvalhu"]
[Black "leomoraes"]
[Result "0-1"]
[WhiteElo "1370"]
[BlackElo "1584"]

1. e4 e5 2. Qh5 Bd6 3. Nf3 Nf6 4. Qh4 O-O 5. d3 h6 6. Be2 Nc6 7. O-O Be7 8. Bxh6
gxh6 9. Qg3+ Kh8 10. Nh4 Rg8 11. Qf3 Nh7 12. Nf5 Bg5 13. Qh5 Rg6 14. h4 Nf6 15.
Nxh6 Bxh6 16. Qf5 d6 17. Qf3 Nd4 18. Qg3 Rxg3 19. fxg3 Nxe2+ 20. Kf2 Bg4 21. c3
Nh5 22. d4 Nexg3 23. Re1 Qf6+ 0-1

[Event "Challenge"]
[Site "http://www.queenalice.com/game.php?id=306479"]
[Date "2007.11.19"]
[Round "-"]
[White "Mestre_do_Xadrez"]
[Black "carvalhu"]
[Result "0-1"]
[WhiteElo "1061"]
[BlackElo "1396"]

1. e4 e5 2. d4 d5 3. dxe5 dxe4 4. Qxd8+ Kxd8 5. Nc3 Bb4 6. Bg5+ f6 7. exf6 Bxc3+
8. bxc3 gxf6 9. Rd1+ Bd7 10. Bh4 Nc6 11. Nh3 Kc8 12. Nf4 Bg4 13. Be2 Bxe2 14.
Kxe2 Nd4+ 15. Kd2 Ne7 16. Bxf6 Re8 17. Rhe1 Ndc6 18. Rxe4 Rf8 19. Bxe7 Re8 20.
Rde1 Nd8 21. Nd5 c6 22. Nf6 Rh8 23. Kc1 Nf7 24. Bc5 Ng5 25. Re8+ Rxe8 26. Rxe8+
Kc7 0-1

[Event "Challenge"]
[Site "http://www.queenalice.com/game.php?id=307244"]
[Date "2007.11.20"]
[Round "-"]
[White "carvalhu"]
[Black "harish264"]
[Result "0-1"]
[WhiteElo "1372"]
[BlackElo "1495"]

1. e4 e5 2. Nf3 Nc6 3. Bb5 Nd4 4. Bc4 c6 5. Nxe5 d5 6. Bd3 Qg5 7. f4 Qxf4 8. Nf3
dxe4 9. Nxd4 exd3 10. Nf3 dxc2 11. Qxc2 Bf5 12. d3 Qg4 13. Ne5 Bb4+ 14. Kf1 Qd4
15. Nf3 Bxd3+ 16. Qe2+ Bxe2+ 17. Kxe2 Qc4+ 18. Kd1 Rd8+ 19. Bd2 f6 20. Ke1 Qc2
21. Ke2 Qxb2 22. Nc3 Bxc3 23. Rac1 Bxd2 24. Rcd1 Bb4+ 25. Ke3 Bc5+ 26. Kf4 g5+
27. Kg3 Qf2+ 28. Kh3 g4+ 29. Kxg4 Qxg2+ 30. Kf4 Bd6+ 31. Rxd6 Rxd6 32. Rg1 Qf2
33. h4 Rd4+ 34. Kf5 Qxf3+ 35. Ke6 Qe4# 0-1

[Event "AUTO-INT-692"]
[Site "http://www.queenalice.com/game.php?id=307890"]
[Date "2007.11.21"]
[Round "1"]
[White "carvalhu"]
[Black "ilestlibremax"]
[Result "0-1"]
[WhiteElo "1418"]
[BlackElo "1572"]

1. e4 e6 2. d4 d5 3. Bd3 dxe4 4. Bxe4 Nf6 5. Bg5 Be7 6. Bxf6 Bxf6 7. Ne2 O-O 8.
d5 exd5 9. Bxd5 c6 10. Be4 Bxb2 11. Nbc3 Bxa1 12. Qxa1 Be6 13. Qb1 Qc7 14. O-O
Nd7 15. a4 Nf6 16. Nd4 Nxe4 17. Nxe4 Bd5 18. Ng5 h6 19. Nh3 Rfe8 20. c3 Re7 21.
Qc1 Rae8 22. c4 Be6 23. Nf4 Bxc4 24. Nf5 Bxf1 25. Nxe7+ Qxe7 26. Qxf1 Qb4 27.
Nd3 Qc3 28. h4 c5 29. f4 Qd4+ 30. Nf2 Qxf4 31. Qb5 Re1+ 32. Qf1 Rxf1+ 33. Kxf1
Qxa4 34. h5 c4 35. Ne4 Qa1+ 36. Kf2 c3 37. g4 c2 38. Kf3 c1=Q 39. g5 Qaa3+ 40.
Kg4 Qg1+ 41. Kf4 hxg5+ 42. Nxg5 Qag3+ 43. Ke4 Qxg5 44. Kd3 Q1g3+ 45. Kc4 Q3g4+
46. Kd3 Qd5+ 47. Kc3 Qgc4+ 48. Kb2 Qdb5+ 49. Ka3 Qca4# 0-1

[Event "AUTO-INT-692"]
[Site "http://www.queenalice.com/game.php?id=307891"]
[Date "2007.11.21"]
[Round "1"]
[White "ilestlibremax"]
[Black "carvalhu"]
[Result "1-0"]
[WhiteElo "1627"]
[BlackElo "1399"]

1. Nf3 d6 2. d4 Bg4 3. e3 Bxf3 4. Qxf3 Qd7 5. c4 e5 6. dxe5 dxe5 7. Qxb7 Qc6 8.
Qxc6+ Nxc6 9. a3 Nf6 10. Be2 Bb4+ 11. axb4 Nxb4 12. Bd1 Nd3+ 13. Ke2 O-O-O 14.
Bc2 e4 15. Rd1 Nb4 16. Rxd8+ Rxd8 17. Bb3 Nd3 18. Bd2 Nxb2 19. Rxa7 h5 20. Ra8+
Kd7 21. Rxd8+ Kxd8 22. Bc3 Ng4 23. Bxb2 Nxh2 24. Bxg7 f5 25. Nd2 Ke8 26. Be5 Kd7
27. Bxh2 Kc6 28. Ba4+ Kc5 29. Bxc7 Kb4 30. Bb5 h4 31. Bf4 Kc5 32. Nb3+ Kb4 33.
Nd4 Kc5 34. Nxf5 1-0

[Event "AUTO-INT-692"]
[Site "http://www.queenalice.com/game.php?id=307892"]
[Date "2007.11.21"]
[Round "1"]
[White "carvalhu"]
[Black "arniecoruja"]
[Result "1-0"]
[WhiteElo "1392"]
[BlackElo "1640"]

1. d4 d5 2. Nc3 e6 3. Nf3 Nc6 4. Bg5 Be7 5. Bxe7 Ngxe7 6. e3 Ng6 7. Bb5 O-O 8.
Bxc6 bxc6 9. O-O Ba6 10. Re1 f5 11. Na4 Bc8 12. c3 Qf6 13. Nc5 Ne7 14. Qa4 Rd8
15. Qa5 g5 16. Qxc7 Ng6 17. Qxc6 Rb8 18. b3 Qf7 19. Nxg5 Qe7 20. Ngxe6 Bxe6 21.
Nxe6 Rd6 22. Qc7 Qxc7 23. Nxc7 Rc6 24. Nxd5 Rd8 25. Nf4 Rxc3 26. Rac1 Rxc1 27.
Rxc1 Nxf4 28. exf4 Rxd4 29. g3 h5 30. Rc5 Rd1+ 31. Kg2 Ra1 32. Ra5 Kf7 33. Rxa7+
Ke6 34. a4 Kd5 35. Rh7 Ra3 36. Rb7 Kd4 37. h4 Kc3 38. Rb5 Kc2 39. Rxf5 Kxb3 40.
Rxh5 Rxa4 41. f5 1-0

[Event "AUTO-INT-692"]
[Site "http://www.queenalice.com/game.php?id=307893"]
[Date "2007.11.21"]
[Round "1"]
[White "arniecoruja"]
[Black "carvalhu"]
[Result "0-1"]
[WhiteElo "1676"]
[BlackElo "1368"]

1. e4 e5 2. c4 Nf6 3. Nc3 Bb4 4. Qc2 O-O 5. a3 Bxc3 6. Qxc3 Nxe4 7. Qxe5 Ng5 8.
Bd3 Re8 9. Qe2 Rxe2+ 10. Nxe2 d6 11. b4 Qf6 12. Ra2 Bg4 13. O-O Bxe2 14. Bxe2
Nd7 15. d3 Re8 16. Bb2 Qg6 17. Raa1 Rxe2 18. Bc3 Qxd3 19. Be1 Qxc4 0-1

[Event "AUTO-INT-692"]
[Site "http://www.queenalice.com/game.php?id=307894"]
[Date "2007.11.21"]
[Round "1"]
[White "carvalhu"]
[Black "Jajer"]
[Result "0-1"]
[WhiteElo "1401"]
[BlackElo "1651"]

1. e4 d5 2. Nc3 d4 3. Nce2 e5 4. c3 d3 5. Ng3 Bc5 6. Nh3 Bxh3 7. gxh3 Qf6 8.
Qa4+ c6 9. Kd1 Qxf2 10. Bxd3 Qf3+ 11. Be2 b5 12. Bxf3 bxa4 13. Rf1 Nf6 14. Rg1
Bxg1 15. Nf1 Nbd7 16. d3 Nc5 17. Bg5 Nxd3 18. Bxf6 gxf6 19. Kc2 Nf2 20. Bg2 Rg8
21. Ne3 Bxh2 22. Rf1 Bg3 23. a3 Bf4 24. Rxf2 Bxe3 25. Re2 Bc5 26. b4 Bd6 27. Rf2
Bc7 28. Bf1 Bb6 29. Rxf6 Rg6 30. Rf5 Bc7 31. Bc4 Rg2+ 32. Kd3 Rg3+ 33. Kc2 Bd6
34. Bxf7+ Ke7 35. h4 Rf8 36. Be6 Rxf5 37. Bxf5 Rg2+ 38. Kd3 Rh2 39. Bxh7 Rxh4
40. Bg8 Kf6 41. c4 Rh3+ 42. Ke2 Kg5 43. c5 Be7 44. Be6 Kf4 45. Bxh3 Kxe4 46.
Bg2+ Kf5 47. Bxc6 Bd8 48. Bxa4 Bc7 49. c6 Kf4 50. b5 e4 51. Bc2 e3 52. a4 Bb6
53. Bd1 Ke4 54. Bc2+ Kd4 55. Kf3 Kc3 56. c7 Bxc7 57. Kxe3 Kxc2 58. Kd4 Bb6+ 59.
Kd5 Kc3 0-1

[Event "AUTO-INT-692"]
[Site "http://www.queenalice.com/game.php?id=307895"]
[Date "2007.11.21"]
[Round "1"]
[White "Jajer"]
[Black "carvalhu"]
[Result "1-0"]
[WhiteElo "1644"]
[BlackElo "1408"]

1. g4 d6 2. e3 Nf6 3. f3 e5 4. e4 d5 5. g5 Nh5 6. f4 Bc5 7. Qxh5 Bxg1 8. Rxg1
exf4 9. e5 g6 10. Qh4 Bf5 11. d3 Nd7 12. Bxf4 c6 13. Nd2 Qb6 14. Qg3 Qd4 15. c3
Qb6 16. d4 Qxb2 17. Nb3 O-O-O 18. Be2 h5 19. Bc1 Qc2 20. Bd1 Qe4+ 21. Be3 h4 22.
Qf2 Qd3 23. Bd2 Qe4+ 24. Be2 Qc2 25. Qf3 Nf8 26. Rg2 Qe4 27. Qxe4 Bxe4 28. Rg4
f5 29. Rf4 Ne6 30. Rf2 Rdf8 31. Bf4 Bc2 32. Na5 c5 33. Rc1 Be4 34. Bf3 Nxf4 35.
Bxe4 fxe4 36. Kd2 Nd3 37. Rxf8+ Rxf8 38. Rb1 Rf2+ 39. Ke3 b6 40. Nc6 Rxa2 41.
Ne7+ Kd8 42. Nxd5 cxd4+ 43. cxd4 Rxh2 44. Nc3 Nf2 45. Nxe4 Nxe4 46. Kxe4 h3 47.
Rb3 Ke7 48. Kd5 a5 49. Rxb6 Kf7 50. e6+ Ke7 51. Rb7+ Ke8 52. Kd6 Kf8 53. e7+ Ke8
54. d5 Re2 55. Rb8+ Kf7 56. Rf8+ Kg7 57. e8=Q Rxe8 58. Rxe8 h2 59. Re1 1-0

[Event "OprimeiroDe2008"]
[Site "http://www.queenalice.com/game.php?id=332750"]
[Date "2008.1.7"]
[Round "-"]
[White "leomoraes"]
[Black "carvalhu"]
[Result "1-0"]
[WhiteElo "1585"]
[BlackElo "1398"]

1. e4 e5 2. Nf3 Nc6 3. d4 f6 4. d5 Nd4 5. Nxd4 exd4 6. Qxd4 b6 7. Bf4 c5 8. Qe3
g5 9. Bg3 h5 10. e5 f5 11. f4 Bh6 12. Bd3 Ne7 13. d6 Nd5 14. Qf3 Bb7 15. a3 gxf4
16. Qxh5+ Kf8 17. Bh4 Bg7 18. Qxf5+ Kg8 19. Bxd8 Rxd8 20. Be4 b5 21. Nd2 c4 22.
c3 Bc6 23. Bxd5+ Bxd5 24. O-O Be6 25. Qxf4 Bh6 26. Qg3+ Bg7 27. Ne4 Bf7 28. Ng5
Rf8 29. Rf2 a5 30. Raf1 b4 31. Nxf7 Rxf7 32. Rxf7 Rh7 33. Rf8# 1-0

[Event "Challenge"]
[Site "http://www.queenalice.com/game.php?id=347810"]
[Date "2008.2.3"]
[Round "-"]
[White "FENIX_RJ"]
[Black "carvalhu"]
[Result "1-0"]
[WhiteElo "1568"]
[BlackElo "1383"]

1. e4 e5 2. Nc3 Nf6 3. Bc4 Qe7 4. Nf3 c6 5. d3 b5 6. Bb3 b4 7. Na4 d5 8. Ng5
dxe4 9. Bxf7+ Kd8 10. dxe4+ Bd7 11. Bd2 c5 12. b3 h6 13. Qe2 hxg5 14. Qc4 Bc6
15. Nxc5 Qxc5 16. Qd3+ Bd6 17. f3 Rf8 18. Bg6 Bb5 19. c4 Ba6 20. Be3 Qc6 21.
O-O-O Nbd7 22. Bf5 Nb6 23. Bxg5 Bxc4 24. bxc4 Nxc4 25. h4 Ne3+ 26. Kd2 Nxd1 27.
Rxd1 Rg8 28. Rc1 Qb6 29. Be3 Qa5 30. Qxd6+ Ke8 31. Bg6# 1-0

[Event "SegundoJogo"]
[Site "http://www.queenalice.com/game.php?id=357325"]
[Date "2008.2.19"]
[Round "-"]
[White "carvalhu"]
[Black "leomoraes"]
[Result "0-1"]
[WhiteElo "1389"]
[BlackElo "1642"]

1. e4 d5 2. Bd3 e5 3. Qh5 Nc6 4. Nf3 Nf6 5. Qg5 h6 6. Qe3 d4 7. Qe2 a6 8. O-O
Be7 9. c3 O-O 10. a4 b6 11. cxd4 Bg4 12. Qe3 Bxf3 13. Qxf3 Nxd4 14. Qd1 Nd7 15.
b3 Bg5 16. Bb2 Nc5 17. Bxd4 Qxd4 18. Nc3 Nxd3 19. Qe2 f5 20. a5 f4 21. Ra4 Nb4
22. Nd5 c5 23. axb6 Bh4 24. b7 Ra7 25. Qg4 Bxf2+ 26. Rxf2 Rxb7 27. Nxb4 cxb4 28.
Rxa6 Qxe4 29. Re2 Qb1+ 30. Kf2 Re7 31. Re6 Rff7 32. R2xe5 Rxe6 33. Qxe6 Qd3 34.
Qe8+ Rf8 35. Qe6+ Kh8 36. Qd5 Qc2 37. h3 Qg6 38. d4 Qg3+ 39. Kg1 f3 40. Re3 f2+
41. Kf1 Qxe3 42. Qc4 Qe1# 0-1

[Event "Challenge"]
[Site "http://www.queenalice.com/game.php?id=360323"]
[Date "2008.2.24"]
[Round "-"]
[White "Sotnas"]
[Black "carvalhu"]
[Result "0-1"]
[WhiteElo "1471"]
[BlackElo "1374"]

1. e4 e5 2. Nf3 d6 3. Bb5+ Bd7 4. Bxd7+ Qxd7 5. d4 Nc6 6. dxe5 Nxe5 7. Nxe5 dxe5
8. Qxd7+ Kxd7 9. O-O Bc5 10. Nc3 Rd8 11. Nb5 c6 12. Rd1+ Ke8 13. Nc7+ Ke7 14.
Bg5+ f6 15. Bh4 Rxd1+ 16. Rxd1 Nh6 17. a3 Rc8 18. b4 Rxc7 19. bxc5 Rd7 20. Rd3
g5 21. Bg3 b5 22. cxb6 Rb7 23. h4 Rxb6 24. f3 g4 25. Bf2 Rb1+ 0-1

[Event "Challenge"]
[Site "http://www.queenalice.com/game.php?id=367518"]
[Date "2008.3.8"]
[Round "-"]
[White "Matrim"]
[Black "carvalhu"]
[Result "1-0"]
[WhiteElo "1493"]
[BlackElo "1394"]

1. d4 d5 2. e3 e6 3. c3 Nd7 4. g3 e5 5. a3 Ngf6 6. f3 Be7 7. h4 c5 8. f4 exf4 9.
gxf4 Nb6 10. Nf3 Bg4 11. Bh3 h5 12. Bxg4 Nxg4 13. Ng5 Bxg5 14. hxg5 cxd4 15.
cxd4 Nc4 16. Qe2 O-O 17. Rxh5 Qd7 18. b3 g6 19. Rh4 f5 20. bxc4 Rae8 21. Nc3
dxc4 22. Qxc4+ Rf7 23. Nd5 b5 24. Nf6+ Nxf6 25. Qf1 Rh7 26. Qh3 Rh5 27. Rxh5
Nxh5 28. Kd1 a5 29. Ra2 Qd5 30. Re2 Qb3+ 31. Kd2 b4 32. axb4 Qxb4+ 33. Kd1 a4
34. d5 Qc4 35. d6 Qd5+ 36. Rd2 Qb3+ 37. Ke2 Rd8 38. d7 a3 39. Bxa3 Qxa3 40. Qf3
Qc5 41. e4 Rxd7 42. Rxd7 Qb5+ 43. Ke1 Qxd7 44. e5 Qc8 45. Qe3 Qc1+ 46. Qxc1 Kg7
47. Qc7+ Kf8 48. e6 Nxf4 49. Qf7# 1-0

[Event "Terceiro-de-2008"]
[Site "http://www.queenalice.com/game.php?id=378524"]
[Date "2008.3.28"]
[Round "-"]
[White "leomoraes"]
[Black "carvalhu"]
[Result "1-0"]
[WhiteElo "1717"]
[BlackElo "1380"]

1. e4 e5 2. Bc4 Nf6 3. Bxf7+ Kxf7 4. Qe2 h5 5. Nf3 d6 6. Ng5+ Ke8 7. Qc4 Qe7 8.
d3 Nbd7 9. Be3 b6 10. Qc6 Rb8 11. Nc3 Kd8 12. Nb5 Nc5 13. Bxc5 dxc5 14. h4 a6
15. Na7 Bd7 16. f4 Qe8 17. Ne6+ Ke7 18. Qxc7 Kxe6 19. Qxe5+ Kf7 20. Qc3 Ra8 21.
f5 Rxa7 22. Qb3+ Be6 23. fxe6+ Qxe6 24. c4 b5 25. O-O-O Ng4 26. Rdf1+ Nf6 27.
Rf3 bxc4 28. Qxc4 Qxc4+ 29. dxc4 Bd6 30. Rd1 Ke6 31. Re3 Bf4 32. Re1 Bxe3+ 33.
Rxe3 Ng4 34. Re1 Rf8 35. Rd1 Ne3 36. Rd3 Nxg2 37. Rd5 Rf1+ 38. Kd2 Nxh4 39. Rxh5
Rf4 40. Kd3 Ng2 41. Rxc5 g5 42. Rxg5 Rd7+ 43. Rd5 Ne1+ 44. Ke3 Rxd5 45. Kxf4 Re5
46. Ke3 Nc2+ 47. Kd3 Nb4+ 48. Kd4 Nxa2 49. c5 Nb4 50. b3 a5 51. Kc4 Rxe4+ 52.
Kb5 Kd5 53. Kxa5 Kxc5 54. Ka4 Nc2+ 55. b4+ Rxb4+ 56. Ka5 Kc6 57. Ka6 1-0

[Event "Challenge"]
[Site "http://www.queenalice.com/game.php?id=384441"]
[Date "2008.4.9"]
[Round "-"]
[White "carvalhu"]
[Black "Matrim"]
[Result "0-1"]
[WhiteElo "1382"]
[BlackElo "1742"]

1. e4 d5 2. Nc3 d4 3. Nb5 e5 4. Nf3 f6 5. Qe2 a6 6. Na3 b5 7. c4 c6 8. d3 b4 9.
Nc2 c5 10. b3 h5 11. Nh4 Ne7 12. g3 g5 13. Nf5 Nxf5 14. exf5 Bxf5 15. Bg2 Bg4
16. Bf3 Bxf3 17. Qxf3 Ra7 18. O-O g4 19. Qf5 Rg7 20. f3 a5 21. Qe6+ Be7 22. f4
exf4 23. Bxf4 h4 24. a3 hxg3 25. Bxg3 Rg5 26. Rf5 Rxf5 27. Qxf5 Nc6 28. Qxg4 Ne5
29. Qg7 Rf8 30. axb4 axb4 31. Bxe5 fxe5 32. Qxe5 Rg8+ 33. Kf1 Qd6 34. Qxd6 Bxd6
35. Ra8+ Kf7 36. Rxg8 Kxg8 37. h3 Kg7 38. Kg2 Kg6 39. Ne1 Kf5 40. Nf3 Kf4 41. h4
Bf8 42. Ng5 Kg4 43. Nf3 Be7 44. Ne5+ Kf4 45. Ng6+ Ke3 46. Nxe7 Kxd3 47. h5 Kc2
48. Nc6 d3 49. h6 d2 50. h7 d1=Q 51. h8=Q Qe2+ 52. Kg3 Qe3+ 53. Kh4 Qf4+ 54. Kh5
Qh2+ 55. Kg6 Qxh8 56. Kf5 Kxb3 57. Na5+ Ka4 58. Nc6 b3 59. Ke6 b2 60. Kd6 b1=Q
0-1